• 首页
  • 本馆介绍
  • 公告通知
  • 最新文献
  • 馆藏检索
  • 电子资源
  • 读者导购
  • 参考咨询
  • 我的图书馆
  • 登录
  • 详细信息显示
  • 放入我的书架
  • 预约/预借图书
  • 作者相关作品
  • 分类相关作品
  • 丛书相关作品
  • 出版社相关作品

书目信息

  • 表格格式
  • 工作单格式
  • 卡片格式
题名:
《汉语主题词表》的理论和使用
    
 
作者: 刘湘生 编著
分册:  
出版信息: 北京   书目文献出版社  1980
页数: 144页
开本: 19cm
丛书名:
单 册:
中图分类: G254.242 , H1
科图分类:
主题词: 汉语主题词表--概论 , 汉语
电子资源:
ISBN:
000 00744nam0 2200253 450
001 1559286439
005 20150120162839.62
010    @dCNY0.58
091    @a7201.14
100    @a19960215d1980 em y0chiy0110 ea
101 0  @achi
102    @aCN@b110000
105    @ay z 000yy
200 1  @a《汉语主题词表》的理论和使用@9han yu zhu ti ci biao de li lun he shi yong@f刘湘生编著
210    @a北京@c书目文献出版社@d1980
215    @a144页@d19cm
517 1  @a汉语主题词表的理论和使用@9han yu zhu ti ci biao de li lun he shi yong
606 0  @a汉语主题词表@x概论
606 0  @a汉语
690    @aG254.242@v5
690    @aH1@v4
701  0 @a刘湘生@9liu xiang sheng@f(1939.1~)@4编著
801  0 @aCN@bTSSF@c20150120
905    @aZUCC@dH1@eJY6
    
    《汉语主题词表》的理论和使用/刘湘生编著.-北京:书目文献出版社,1980
    144页;19cm
    
    
    ISBN :CNY0.58
    
●
相关链接 在E读中查询图书 在五车中查询图书 在当当中查询图书 在豆瓣中查询图书


正题名:《汉语主题词表》的理论和使用     索取号:H1/JY6         预约/预借

序号 登录号 条形码 馆藏地/架位号 状态 备注
1 7842160   278421600   学院路分馆/ [索取号:H1/JY6] 在馆    
2 7842161   278421619   学院路分馆/ [索取号:H1/JY6] 在馆    
唐山师范学院图书馆 欢迎您!
大连网信软件有限公司© 版权所有